000 00700cam a22002171 4500
008 210127s1966 fr 000 1 fre d
040 _aEG-GiCUC
_bfre
_cEG-GiCUC
092 0 4 _a841.912
_bO5889n
_221
099 _a04
_a841.912 O5889n
100 1 _aOnimus, Jean.
245 1 3 _aLa Connaissance poetique :
_bintroduction a ̀la lecture des poet̀es modernes /
_cJean Onimus .
260 _aParis ,
_bDescle{u00B4}e, De Brouwer ,
_c1966.
300 _a255 p. ;
_c20 cm.
650 0 _aFrench poetry
_y20th century
_xHistory and criticism.
650 0 _aPoetry.
902 _a1
905 _ahanan
_eCat.
905 _aJihan
_eRev
942 _2ddc
_cBK
999 _c158850
_d158850